| 000 | 005890000a22001810004500 | ||
|---|---|---|---|
| 003 | MACL | ||
| 005 | 20260108152400.0 | ||
| 008 | 160329b xxu||||| |||| 00| 0 eng d | ||
| 040 |
_aMACL _cMACL |
||
| 041 | _aHindi | ||
| 082 | _a150.1943 | ||
| 100 |
_aसानी वेद प्रकाश _947796 |
||
| 245 | _aव्यवहारकुशल कैसे बनें | ||
| 260 |
_bए. के. एन्टरप्राईज _c2002 _aनई दिल्ली |
||
| 350 | _a175 | ||
| 650 |
_aसामान्य वर्ग _948647 |
||
| 942 |
_cHIN _k150 _2ddc |
||
| 999 |
_c10943 _d10943 |
||